Fundamentals of electromagnetic phenomena

Saved in:
Bibliografiske detaljer
Main Authors: Lorrain, Paul (autor), Corson, Dale R (Author), Lorrain, Francois (Author)
Format: Bog
Sprog:engelsk
Udgivet: Nueva York W. H. Freeman and Company 2000
Udgivelse:1a. ed
Fag:
Tags: Tilføj Tag
Ingen Tags, Vær først til at tagge denne postø!

MARC

LEADER 00000cam a2200000 a 4500
001 UCG4884
003 CL-VaPUC
008 101216e20000000US |||||||||||||||||eng|d
020 |a 0716735687 
082 0 4 |a 537  |b LOR  |2 21 
100 |a Lorrain, Paul  |e autor  |9 554362 
700 0 |a Corson, Dale R  |e author  |9 554363 
700 0 |a Lorrain, Francois  |e author  |9 554364 
245 1 0 |a Fundamentals of electromagnetic phenomena 
250 |a 1a. ed 
300 |a 505 p 
942 |c BK 
945 |d 20101216 00:00:00  |a cmena 
260 |a Nueva York  |b W. H. Freeman and Company  |c 2000 
650 0 |a Electromagnetismo   |9 260123 
650 0 |a Física matemática   |9 260981 
650 7 |a CAMPOS MAGNETICOS  |2 CL-VaPUC  |9 554365 
650 0 |a Ondas  |9 260165 
650 0 |a Propiedades mecánicas   |9 262507 
650 0 |a Relatividad  |9 269977 
583 |a last modification  |c 20181206 12:02:34  |k Rodrigo Vera 
999 |c 343484  |d 343482 
952 |0 0  |1 0  |4 0  |6 537_000000000000000_LOR_2000  |7 0  |8 A  |9 440804  |a BIBCUR  |b BIBCUR  |d 2019-11-22  |i 4088751  |l 1  |m 1  |o 537 LOR 2000  |p 4088751  |r 2025-04-22  |s 2024-05-15  |w 2019-11-22  |y BK  |k FIS 
952 |0 0  |1 0  |3 erd  |4 0  |6 537_000000000000000_LOR_2000  |7 0  |8 A  |9 440805  |a BIBING  |b BIBING  |i 551469K  |o 537 LOR 2000  |p 551469K  |r 2025-01-20  |w 2019-11-22  |y BK  |z Catalogado en:20181116  |k EIE 
952 |0 0  |1 0  |3 erd  |4 0  |6 537_000000000000000_LOR_2000  |7 0  |8 A  |9 440806  |a BIBING  |b BIBING  |i 5522471  |o 537 LOR 2000  |p 5522471  |r 2025-01-20  |w 2019-11-22  |y BK  |z Catalogado en:20181207  |k EIE